| 000 -CABECERA |
| campo de control de longitud fija |
01043nam a2200253 u 4500 |
| 001 - NÚMERO DE CONTROL |
| campo de control |
000054852 |
| 005 - FECHA Y HORA DE LA ÚLTIMA TRANSACCIÓN |
| campo de control |
20200120222928.0 |
| 008 - DATOS DE LONGITUD FIJA--INFORMACIÓN GENERAL |
| campo de control de longitud fija |
130529s2009 ck ad gr 000 0 spa d |
| 041 0# - CÓDIGO DE LENGUA |
| Código de lengua del texto/banda sonora o título independiente |
/spa |
| 043 ## - CÓDIGO DE ÁREA GEOGRÁFICA |
| Código de área geográfica |
s-ck--- |
| 082 04 - NÚMERO DE LA CLASIFICACIÓN DECIMAL DEWEY |
| Número de clasificación |
331.3109861 |
| Número de documento/Ítem |
C65 |
| Número de edición |
21 |
| 110 2# - ENTRADA PRINCIPAL--NOMBRE DE ENTIDAD CORPORATIVA |
| Nombre de entidad corporativa o nombre de jurisdicción como elemento de entrada |
Colombia |
| Unidad subordinada |
Departamento administrativo nacional de estadística (DANE) |
| 245 10 - MENCIÓN DE TÍTULO |
| Título |
Análisis en profundidad y términos comparativos de los años 2001, 2003, 2005 y 2007 sobre el trabajo infantil / |
| Mención de responsabilidad, etc. |
Departamento Administrativo Nacional de Estadística (DANE). |
| 250 ## - MENCIÓN DE EDICIÓN |
| Mención de edición |
1a. ed |
| 260 ## - PUBLICACIÓN, DISTRIBUCIÓN, ETC. |
| Lugar de publicación, distribución, etc. |
Bogotá : |
| Nombre del editor, distribuidor, etc. |
DANE : |
| -- |
Ministerio de la Protección Social : |
| -- |
Bienestar Familiar, |
| Fecha de publicación, distribución, etc. |
2009. |
| 300 ## - DESCRIPCIÓN FÍSICA |
| Extensión |
456 p. : |
| Otras características físicas |
il., gráfs. |
| 504 ## - NOTA DE BIBLIOGRAFÍA, ETC. |
| Nota de bibliografía, etc. |
Incluye bibliografía. |
| 650 17 - PUNTO DE ACCESO ADICIONAL DE MATERIA--TÉRMINO DE MATERIA |
| Término de materia o nombre geográfico como elemento de entrada |
Trabajo infantil |
| Subdivisión geográfica |
Colombia |
| Subdivisión cronológica |
2001. |
| Fuente del encabezamiento o término |
LEMB. |
| 650 27 - PUNTO DE ACCESO ADICIONAL DE MATERIA--TÉRMINO DE MATERIA |
| Término de materia o nombre geográfico como elemento de entrada |
Trabajo infantil |
| Subdivisión geográfica |
Colombia |
| Subdivisión cronológica |
2003 |
| Fuente del encabezamiento o término |
LEMB. |
| 650 27 - PUNTO DE ACCESO ADICIONAL DE MATERIA--TÉRMINO DE MATERIA |
| Término de materia o nombre geográfico como elemento de entrada |
Trabajo infanti |
| Subdivisión geográfica |
Colombia |
| Subdivisión cronológica |
2005 |
| Fuente del encabezamiento o término |
LEMB. |
| 650 27 - PUNTO DE ACCESO ADICIONAL DE MATERIA--TÉRMINO DE MATERIA |
| Término de materia o nombre geográfico como elemento de entrada |
Trabajo infantil |
| Subdivisión general |
Caracterirticas |
| Subdivisión geográfica |
Colombia |
| Fuente del encabezamiento o término |
LEMB. |
| 650 27 - PUNTO DE ACCESO ADICIONAL DE MATERIA--TÉRMINO DE MATERIA |
| Término de materia o nombre geográfico como elemento de entrada |
Adolescentes |
| Fuente del encabezamiento o término |
LEMB. |
| 650 27 - PUNTO DE ACCESO ADICIONAL DE MATERIA--TÉRMINO DE MATERIA |
| Término de materia o nombre geográfico como elemento de entrada |
Esolaridad |
| Subdivisión general |
Trabajo infantil |
| Fuente del encabezamiento o término |
LEMB. |